Deciding what's news : (Record no. 329906)

000 -LEADER
fixed length control field 01652pam a2200349 a 4500
001 - CONTROL NUMBER
control field 13807696
003 - CONTROL NUMBER IDENTIFIER
control field NUST
005 - DATE AND TIME OF LATEST TRANSACTION
control field 20180117090026.0
008 - FIXED-LENGTH DATA ELEMENTS--GENERAL INFORMATION
fixed length control field 041206r20041979ilu b 001 0 eng
010 ## - LIBRARY OF CONGRESS CONTROL NUMBER
LC control number 2004065420
020 ## - INTERNATIONAL STANDARD BOOK NUMBER
International Standard Book Number 0810122375 (pbk. : alk. paper)
035 ## - SYSTEM CONTROL NUMBER
System control number (OCoLC)ocm57210955
040 ## - CATALOGING SOURCE
Original cataloging agency DLC
Transcribing agency DLC
Modifying agency YDX
-- DLC
043 ## - GEOGRAPHIC AREA CODE
Geographic area code n-us---
050 00 - LIBRARY OF CONGRESS CALL NUMBER
Classification number PN4867
Item number .G3 2004
082 00 - DEWEY DECIMAL CLASSIFICATION NUMBER
Classification number 071/.3
Edition number 22
100 1# - MAIN ENTRY--PERSONAL NAME
Personal name Gans, Herbert J.
9 (RLIN) 1646
245 10 - TITLE STATEMENT
Title Deciding what's news :
Remainder of title a study of CBS evening news, NBC nightly news, Newsweek, and Time / Herbert J. Gans.
260 ## - PUBLICATION, DISTRIBUTION, ETC.
Place of publication, distribution, etc. Evanston, Ill. :
Name of publisher, distributor, etc. Northwestern University Press,
Date of publication, distribution, etc. 2004.
300 ## - PHYSICAL DESCRIPTION
Extent xxvii, 393 p. ;
Dimensions 21 cm.
440 #0 - SERIES STATEMENT/ADDED ENTRY--TITLE
Title Visions of the American press
9 (RLIN) 1647
500 ## - GENERAL NOTE
General note Originally published: New York : Random House, 1979.
504 ## - BIBLIOGRAPHY, ETC. NOTE
Bibliography, etc. note Includes bibliographical references (p. 365-375) and index.
650 #0 - SUBJECT ADDED ENTRY--TOPICAL TERM
Topical term or geographic name entry element Journalism
Geographic subdivision United States.
9 (RLIN) 1595
856 42 - ELECTRONIC LOCATION AND ACCESS
Materials specified Contributor biographical information
Uniform Resource Identifier <a href="http://www.loc.gov/catdir/enhancements/fy0619/2004065420-b.html">http://www.loc.gov/catdir/enhancements/fy0619/2004065420-b.html</a>
856 42 - ELECTRONIC LOCATION AND ACCESS
Materials specified Publisher description
Uniform Resource Identifier <a href="http://www.loc.gov/catdir/enhancements/fy0619/2004065420-d.html">http://www.loc.gov/catdir/enhancements/fy0619/2004065420-d.html</a>
906 ## - LOCAL DATA ELEMENT F, LDF (RLIN)
a 7
b cbc
c orignew
d 1
e ocip
f 20
g y-gencatlg
942 ## - ADDED ENTRY ELEMENTS (KOHA)
Source of classification or shelving scheme
Koha item type Book
Holdings
Withdrawn status Lost status Source of classification or shelving scheme Damaged status Not for loan Collection code Permanent Location Current Location Shelving location Date acquired Total Checkouts Full call number Barcode Date last seen Date last checked out Price effective from Koha item type
            Central Library (CL) Central Library (CL) First Floor - Journalism 05/30/2017 1 071/.3 GAN S3H-S-903 11/27/2023 10/13/2017 05/30/2017 Book
© 2023 Central Library, National University of Sciences and Technology. All Rights Reserved.